000 00346nam a22001457a 4500
003 MACL
005 20200813124707.0
008 200813b xxu||||| |||| 00| 0 eng d
040 _cMACL
100 _aMishra, Prakhar
_978871
245 _aIndian Family and Culture
260 _aDelhi
_bAdvaita Pub
_c2018
650 _2Culture
942 _2ddc
_cBK
999 _c62928
_d62928